20 grootste landen te wereld - Statistieken

Algemene statistieken
  • Deze quiz is 65 keer genomen
  • De gemiddelde score is 17 van 20
Antwoordstatistieken
area Antwoord % Correct
2 9.984.670 km² Canada
100%
4 9.596.961 km² China
100%
14 1.964.375 km² Mexico
100%
1 17.098.246 km² Rusland
100%
3 9.826.675 km² Verenigde Staten
100%
5 8.514.877 km² Brazilië
98%
8 2.780.400 km² Argentinië
95%
7 3.287.263 km² India
95%
6 7.692.024 km² Australië
93%
9 2.724.900 km² Kazachstan
93%
10 2.381.741 km² Algerije
89%
11 2.344.858 km² Congo-Kinshasa
89%
19 1.564.116 km² Mongolië
89%
15 1.910.931 km² Indonesië
84%
18 1.628.750 km² Iran
84%
13 2.206.714 km² Saoedi-Arabië
84%
17 1.759.540 km² Libië
75%
16 1.861.484 km² Soedan
68%
20 1.285.216 km² Peru
57%
12 2.207.629 km² Denemarken (inclusief Groenland)
5%
Geen overeenkomende quizzen gevonden
Scoreverdeling
Procent van Mensen met Elke Score
Percentiel versus Aantal Correcte Antwoorden
Uw Scoregeschiedenis
U heeft deze quiz nog niet genomen